Visualizing theory : selected papers from V.A.R. 1990-1994
Saved in:
| Other Authors: | |
|---|---|
| Format: | Book |
| Language: | English |
| Published: |
New York; London :
Routledge,
1994
|
| Subjects: | |
| Tags: |
Add Tag
No Tags, Be the first to tag this record!
|
MARC
| LEADER | 00000cam a2200000 i 4500 | ||
|---|---|---|---|
| 001 | 1/95752 | ||
| 008 | 941101s1994 eng d | ||
| 020 | |a 0-415-90843-4 | ||
| 035 | |l 10009861 | ||
| 040 | |a GR-MY-UA |b gre |e aacr | ||
| 041 | 0 | |a eng | |
| 082 | 0 | |a 306 | |
| 245 | 1 | 0 | |a Visualizing theory : |b selected papers from V.A.R. 1990-1994 / |c Edited by Lucien Taylor |
| 260 | |a New York; London : |b Routledge, |c 1994 | ||
| 300 | |a 473 p. | ||
| 504 | |a Includes bibliographical references | ||
| 650 | 0 | 0 | |a Visual anthropology. |
| 700 | 1 | |a Taylor, Lucien. |4 edt | |
| 852 | |a INST |b LESVOS |e 19941101 |h 306 VIS |p 005100002418 |q 005100002418 |t BK |y 0 | ||
| 909 | |a Λ |b 037803 | ||
| 950 | |a 085-1994-09-01 | ||